000 00446cam a2200181ua 4500
001 2359
008 110805n ii |||gr||||Z||||||asm
040 _cMAIN
082 _a370.92
100 1 _aKakoty, Suchita,
_eAuthor.
245 1 _aMohan Shikshabid hakal
_cby Suchita Kakoty
250 _a1st.
260 _aGuahati:
_bChandra Prakash,992.
300 _a108p:
_c23cm.
653 _aEducation
653 _aMohan Shikshabid hakal
942 _cBK
999 _c2217
_d2217